Vincitori The Best FIFA Football Coach - Statistics

Statistiche generali
  • Questo quiz è stato fatto 63 volte
    20 dall'ultimo reset
  • Il punteggio medio è 8 su 9
Statistiche sulle risposte
Edizione Nazione Squadra Calciatore % Corretto
2024 Italia Real Madrid Carlo Ancelotti
100%
2023 Spagna Manchester City Pep Guardiola
100%
2016 Italia Leicester City Claudio Ranieri
89%
2019 Germania Liverpol Jürgen Klopp
89%
2020 Germania Liverpool Jürgen Klopp
89%
2018 Francia Francia Didier Deschamps
78%
2021 Germania Chelsea Thomas Tuchel
78%
2017 Francia Francia Zinédine Zidane
67%
2022 Argentina Argentina Lionel Scaloni
61%
Nessun quiz corrispondente trovato
Distribuzione punteggi
Percentuale di utenti per punteggio
Percentile per numero di risposta
I tuoi punteggi nel tempo
Non hai fatto questo quiz dall'ultimo reset